000 00372nam a2200133 i 4500
001 bg
100 1 _aKONOPKA, R.
245 0 _aProjektowanie i analiza efektywności pracy zestawów maszyn przy realizacji procesów budowlanych /
_cR. Konopka.
260 _aKraków,
_c1990.
040 _cBPK
041 _apol
942 _cKS
008 s pl f |000 0 pol
999 _c29481
_d29481
856 _uhttp://koha.tu.koszalin.pl/cgi-bin/koha/opac-detail.pl?biblionumber=29481
_yKatalog online BPK